000
00247nam a2200085Ia 4500
008
120527s9999 xx 000 0 und d
100
_a
GOLDSTEIN,Morris.et al
245
_a
International capital market develop,prospects and policy issues
942
_c
BK
999
_c
25376
_d
25376